Армения в русской литературе XX века / (Record no. 135992)
[ view plain ]
| 000 -LEADER | |
|---|---|
| fixed length control field | 00998nam a2200229 a 4500 |
| 001 - CONTROL NUMBER | |
| control field | 000354852 |
| 003 - CONTROL NUMBER IDENTIFIER | |
| control field | AM-YeHGA |
| 005 - DATE AND TIME OF LATEST TRANSACTION | |
| control field | 20250618072220.0 |
| 008 - FIXED-LENGTH DATA ELEMENTS--GENERAL INFORMATION | |
| fixed length control field | 040726s1978 ai 000 | rus d |
| 040 ## - CATALOGING SOURCE | |
| Original cataloging agency | AM-YeHGA |
| 041 0# - LANGUAGE CODE | |
| Language code of text/sound track or separate title | rus |
| 090 ## - LOCALLY ASSIGNED LC-TYPE CALL NUMBER (OCLC); LOCAL CALL NUMBER (RLIN) | |
| -- | 137363 |
| 100 1# - MAIN ENTRY--PERSONAL NAME | |
| Personal name | Ամիրխանյան, Միքայել Դավթի, |
| Dates associated with a name | 1932- |
| 9 (RLIN) | 2138 |
| 245 10 - TITLE STATEMENT | |
| Title | Армения в русской литературе XX века / |
| Statement of responsibility, etc. | М.Д.Амирханян; Под ред. С.К.Дароняна. |
| 260 ## - PUBLICATION, DISTRIBUTION, ETC. | |
| Place of publication, distribution, etc. | Ереван : |
| Name of publisher, distributor, etc. | О-во " Знание " АрмССР, |
| Date of publication, distribution, etc. | 1978. |
| 300 ## - PHYSICAL DESCRIPTION | |
| Extent | 44,[4] с. ; |
| Dimensions | 20 см. |
| 440 #0 - SERIES STATEMENT/ADDED ENTRY--TITLE | |
| Title | В помощь лектору / О-во " Знание " Арм. ССР |
| 504 ## - BIBLIOGRAPHY, ETC. NOTE | |
| Bibliography, etc. note | Библиогр. в подстроч. примеч. |
| 650 14 - SUBJECT ADDED ENTRY--TOPICAL TERM | |
| Topical term or geographic name entry element | Армения |
| General subdivision | Русская литература |
| Active dates | XX век |
| 700 1# - ADDED ENTRY--PERSONAL NAME | |
| Personal name | Դարոնյան, Սերգեյ Կարպի, |
| Dates associated with a name | 1925-1990 |
| Relator term | ред. |
| Relationship | edt |
| 9 (RLIN) | 2555 |
| 710 2# - ADDED ENTRY--CORPORATE NAME | |
| Corporate name or jurisdiction name as entry element | Общество " Знание " Армянской ССР |
| Withdrawn status | Lost status | Source of classification or shelving scheme | Damaged status | Not for loan | Collection | Home library | Current library | Date acquired | Total checkouts | Full call number | Barcode | Date last seen | Price effective from | Koha item type | Public note |
|---|---|---|---|---|---|---|---|---|---|---|---|---|---|---|---|
| Universal Decimal Classification | General | Fundamental Scientific Library | Fundamental Scientific Library | 22/12/2016 | PII/424143 | FL0439063 | 22/12/2016 | 22/12/2016 | Գրքեր / Books | 30 Days Loan |
ՀՀ Գիտությունների ազգային ակադեմիայի հիմնարար գիտական գրադարան = Fundamental Scientific Library of NAS RA
All site content, except where otherwise noted, is licensed under a